Normal view
MARC view
- Halan Monika
Entry Personal Name
001 - CONTROL NUMBER
- control field: 216315
003 - CONTROL NUMBER IDENTIFIER
- control field: OSt
005 - DATE AND TIME OF LATEST TRANSACTION
- control field: 20260112110602.0
008 - FIXED-LENGTH DATA ELEMENTS
- fixed length control field: 260112|| aca||aabn | a|a d
040 ## - CATALOGING SOURCE
- Original cataloging agency: OSt
- Transcribing agency: OSt
100 ## - HEADING--PERSONAL NAME
- Personal name: Halan Monika
670 ## - SOURCE DATA FOUND
- Source citation: Work cat.: (OSt)369854: Halan Monika, Let's Talk Mutual Funds: A Systematic, Smart Way to Make Them Work for You, 2023